00711cam a2200193 a 450000100100000000500170001000800410002702000150006804000250008308200180010810000430012624500670016926000450023630000210028165000310030265000480033395201210038199900150050200000339120200929150428.0840217s1984 nyu 000 f spa  a0871392461 aDO-SdBNPbspacBNPHU a813.54bL925m1 aLópez Heredia, José,d1922-91056410aMilagro en el Bronx y otros relatos /cJosé López Heredia. aNew York, N.Y. :bLas Américas,c1984. a159 p. ;c22 cm. 4aNovela estadounidense9262 4aLiteratura estadounidenseySIGLO XXI910565 001052708MOaGRbGRcCTd2009-07-08iLF1l0o813.54 L925mp3391-10r2020-06-25w2020-06-25y2ZPréstamo interno c3221d3221